| 000 | 00574nam a2200193Ia 4500 | ||
|---|---|---|---|
| 003 | GCL | ||
| 008 | 140319s9999 xx 000 0 ara d | ||
| 040 |
_aGCL / _cGCL |
||
| 082 | 0 | 4 |
_a813.01 _bى ا |
| 100 | 1 | _aيوسف القعيد | |
| 245 | 1 | 0 |
_aاصوات الصمت : احاديث ادبية / _cيوسف القعيد |
| 260 |
_a[S.N] : _bمكتبة مدبولى ، _c1919 |
||
| 300 | _a149 ص | ||
| 490 | _a | ||
| 650 | 0 | 4 | _aالادب العربى |
| 650 | 0 | 4 | _aالحوار فى الادب العربى |
| 650 | 0 | 4 | _aالحوار الادبى |
| 942 |
_2ddc _cBK |
||
| 999 |
_c56102 _d56102 |
||